[Event "Skovbo GM 2012"]
[Site "Borup Kulturhus"]
[Date "2012.09.15"]
[Round "2.30"]
[White "Andersen, Daniel"]
[Black "Larsson, Jørgen"]
[Result "1-0"]
[WhiteElo "1890"]
[BlackElo "1159"]
[PlyCount "99"]
[EventDate "2012.??.??"]
[WhiteTeam "Frederikssund Skakklub"]
[BlackTeam "Skovbo Skakklub"]

1. d4 d5 2. c4 dxc4 3. e4 e6 4. Bxc4 Nf6 5. e5 Nd5 6. Nc3 Bb4 7. Bd2 Bxc3 8.
bxc3 Nc6 9. Nf3 h6 10. O-O O-O 11. Bd3 Nde7 12. Qe2 f6 13. exf6 Rxf6 14. Qe4
Ng6 15. Rad1 Qd5 16. Qe2 Qxa2 17. Ne5 Nf4 18. Qe4 Nxd3 19. Qxd3 Qd5 20. Ng4 Rf5
21. Ne3 Ne5 22. Nxd5 Nxd3 23. Ne7+ Kf7 24. Nxf5 exf5 25. Rb1 b6 26. g3 Ba6 27.
Rfd1 Bc4 28. Be3 b5 29. Rd2 a5 30. Rbd1 a4 31. Rxd3 Bxd3 32. Rxd3 a3 33. Rd1 a2
34. Ra1 Ra3 35. Kf1 Ke6 36. Ke2 Kd5 37. Kd2 Kc4 38. Kc2 h5 39. h4 g6 40. Kb2
Ra4 41. Rxa2 Rxa2+ 42. Kxa2 Kd3 43. Kb3 c6 44. Kb2 Kc4 45. Kc2 Kd5 46. Kd3 Kd6
47. c4 bxc4+ 48. Kxc4 Ke6 49. Bf4 Kd7 50. Kc5 1-0

[Event "Skovbo GM 2012"]
[Site "Borup Kulturhus"]
[Date "2012.09.15"]
[Round "2.32"]
[White "Skovle, Lars Ørnbo"]
[Black "Kakulidis, Ellen"]
[Result "1/2-1/2"]
[WhiteElo "1658"]
[BlackElo "1366"]
[PlyCount "49"]
[EventDate "2012.??.??"]
[WhiteTeam "Frederiksberg Skakforening"]
[BlackTeam "Aalborg Skakforening af 1889"]

1. e4 e6 2. d4 d5 3. Nc3 Bb4 4. e5 c5 5. a3 Bxc3+ 6. bxc3 cxd4 7. cxd4 Bd7 8.
Qg4 g6 9. Nf3 Nc6 10. Bd3 Nge7 11. Bg5 Qa5+ 12. Bd2 Qb6 13. O-O h6 14. Rfb1 Qc7
15. Qh4 O-O-O 16. Rb3 g5 17. Qg4 Na5 18. Rc3 Nc4 19. Rb1 b6 20. Be3 Kb7 21. Rb4
a5 22. Bxc4 Ka7 23. Rxb6 Kxb6 24. Rb3+ Ka7 25. Bd3 1/2-1/2

[Event "Skovbo GM 2012"]
[Site "Borup Kulturhus"]
[Date "2012.09.15"]
[Round "2.34"]
[White "Jensen, Henrik"]
[Black "Marthedal, Anton Mehmet Yildiz"]
[Result "0-1"]
[WhiteElo "1612"]
[BlackElo "1352"]
[PlyCount "56"]
[EventDate "2012.??.??"]
[WhiteTeam "Skovbo Skakklub"]
[BlackTeam "Skakklubben K41"]

1. e4 e5 2. Nf3 Nf6 3. Nc3 Nc6 4. Bc4 Bc5 5. d3 d6 6. Be3 Bb6 7. Ng5 O-O 8. Nd5
Nxd5 9. Bxd5 Bxe3 10. Nxf7 Bxf2+ 11. Kxf2 Rxf7+ 12. Bxf7+ Kxf7 13. Rf1 Kg8 14.
c3 Be6 15. Kg1 Qg5 16. Qe2 Ne7 17. b3 Ng6 18. Rf2 Nf4 19. Qc2 Nh3+ 20. Kh1
Nxf2+ 21. Qxf2 Rf8 22. Qxa7 Qd2 23. Qxb7 Qxa2 24. Rg1 Qc2 25. Qxc7 Qxd3 26. b4
Bh3 27. Qc6 Bxg2+ 28. Rxg2 Rf1+ 0-1

[Event "Skovbo GM 2012"]
[Site "Borup Kulturhus"]
[Date "2012.09.15"]
[Round "2.35"]
[White "Fredericia, Ellen"]
[Black "Larsen, Paul M"]
[Result "0-1"]
[WhiteElo "1196"]
[BlackElo "1611"]
[PlyCount "84"]
[EventDate "2012.??.??"]
[WhiteTeam "Skakklubben K41"]
[BlackTeam "Haslev Skakklub"]

1. d4 Nf6 2. c4 g6 3. Nc3 Bg7 4. Nf3 d6 5. Bf4 O-O 6. e3 e6 7. Bd3 Nc6 8. O-O
Ne7 9. Re1 Nh5 10. Bg3 f5 11. h3 f4 12. exf4 Nxf4 13. Ne2 Nxh3+ 14. gxh3 Rxf3
15. Nf4 Rxg3+ 16. fxg3 e5 17. dxe5 dxe5 18. Ng2 Bxh3 19. Be4 c6 20. Qb3 Qb6+
21. c5+ Qxb3 22. axb3 Be6 23. b4 Nf5 24. Ra3 Nd4 25. Rc3 Bf5 26. Nh4 Rf8 27.
Bxf5 gxf5 28. Rd3 e4 29. Rdd1 Bf6 30. Rf1 Bxh4 31. gxh4 Nf3+ 32. Kf2 Nxh4 33.
Rd7 Rf7 34. Rd8+ Kg7 35. Rg1+ Ng6 36. Rdd1 f4 37. Rde1 e3+ 38. Kf3 Kf6 39. Rgf1
Ke5 40. Kg4 Ke4 41. Rc1 Ne5+ 42. Kh5 f3 0-1

[Event "Skovbo GM 2012"]
[Site "Borup Kulturhus"]
[Date "2012.09.15"]
[Round "2.36"]
[White "Hansen, Janech"]
[Black "Christensen, Kristen Bjørn"]
[Result "0-1"]
[WhiteElo "1599"]
[BlackElo "1223"]
[PlyCount "103"]
[EventDate "2012.??.??"]
[WhiteTeam "Tølløse Skakklub"]
[BlackTeam "Ejby Skakklub"]

1. e4 e6 2. d4 d5 3. Nd2 c5 4. exd5 Qxd5 5. Ngf3 cxd4 6. Bc4 Qc5 7. Qe2 Nc6 8.
a3 Nf6 9. Nb3 Qd6 10. Bg5 Be7 11. Rd1 O-O 12. c3 Qc7 13. Nbxd4 Na5 14. Ba2 Rd8
15. O-O a6 16. Rfe1 Nc6 17. Rd3 h6 18. Bh4 Nd5 19. Bxd5 Rxd5 20. Bxe7 Nxe7 21.
Re3 Ng6 22. g3 Rd8 23. h4 Re8 24. h5 Ne7 25. Nxe6 fxe6 26. Nd4 Nd5 27. Nxe6 Qd6
28. Re5 Bxe6 29. Rxe6 Rxe6 30. Qxe6+ Qxe6 31. Rxe6 Kf7 32. Re5 Nf6 33. Rf5 b5
34. f3 Ke6 35. Rc5 Kd6 36. Rf5 Re8 37. Kf2 Ke6 38. g4 Rd8 39. Ke2 Rd5 40. Rf4
Rg5 41. c4 bxc4 42. Rxc4 Rb5 43. Rc2 Nd5 44. Rd2 Ke5 45. Kf2 Rb3 46. Kg3 a5 47.
Re2+ Ne3 48. Kf2 Kf4 49. a4 Nd1+ 50. Ke1 Nxb2 51. Re7 Re3+ 52. Rxe3 0-1